Formatos de Países debaixo do mar - Statistics

Estatísticas Gerais
  • Esse quiz foi jogado 280 vezes
  • A pontuação média é 9 de 12
Respostas no mapa
Respostas codificadas por cores de uma escala verde-vermelha no mapa do quiz de acordo com a % correta abaixo.
 
Estatísticas das Respostas
Resposta % Correto
Vietnã
85%
Mali
84%
Noruega
84%
Austria
82%
Peru
82%
Marrocos
79%
Mongolia
79%
Papua Nova Guiné
77%
Panamá
71%
Portugal
70%
Irã
52%
Argelia
39%
Nenhum quiz correspondente encontrado
Distribuição das Pontuações
Porcentagem de Pessoas com Cada Pontuação
Percentil de Números Respondidos
Sua Pontuação Histórica
Você não jogou esse quiz